[Event "London Classic op"]
[Site "London"]
[Date "2009.12.15"]
[Round "9"]
[White "McKerracher, Douglas"]
[Black "Sara, Valerio"]
[Result "0-1"]
[WhiteElo "1957"]
[BlackElo "2072"]
[PlyCount "141"]
[EventDate "2009.12.08"]
[EventType "swiss"]
[EventRounds "9"]
[EventCountry "ENG"]
[SourceTitle "CBM 133 Extra"]
[Source "ChessBase"]
[SourceDate "2010.01.05"]
[SourceVersion "1"]
[SourceVersionDate "2010.01.05"]
[SourceQuality "1"]

1. e4 c5 2. Nc3 Nc6 3. g3 g6 4. Bg2 Bg7 5. d3 d6 6. f4 e6 7. Nf3 Nge7 8. 0-0 0-0 9. Be3 Rb8 10. d4 cxd4 11. Nxd4 Qb6 12. Nce2 Qxb2 13. Qd2 Nxd4 14. Nxd4 Bd7 15. Rfb1 Qa3 16. Rb3 Qa4 17. Rab1 b6 18. Qd3 Qxa2 19. R1b2 Qa5 20. Ra3 Qe1+ 21. Bf1 Bxd4 22. Bxd4 Bc6 23. Rxa7 Bxe4 24. Qb5 Nf5 25. Bf2 Qc1 26. Qb3 Bd5 27. Rb1 Bxb3 28. Rxc1 Rfc8 29. c3 d5 30. Ba6 Ra8 31. Rxa8 Rxa8 32. Rb1 Rxa6 33. Rxb3 Ra1+ 34. Kg2 Ra8 35. Rxb6 Rc8 36. g4 Ne7 37. Bd4 Kf8 38. Rb7 Ke8 39. g5 Nf5 40. Bf6 Ne3+ 41. Kf3 Nc4 42. Re7+ Kf8 43. Ra7 Nd2+ 44. Ke3 Ne4 45. Kd4 Nxc3 46. Kd3 Ne4 47. Be5 Nf2+ 48. Ke2 Ne4 49. Kd3 Ke8 50. Bd4 Nc5+ 51. Ke3 Nd7 52. Kd2 Rc4 53. Kd3 Rb4 54. Ra2 Rb7 55. Ra8+ Rb8 56. Ra7 Rb3+ 57. Bc3 Kd8 58. Kc2 Rb8 59. Ba5+ Ke8 60. Bc3 Rc8 61. Kd3 Nc5+ 62. Ke3 Nb3 63. Bf6 Nc5 64. Re7+ Kf8 65. Ra7 Ne4 66. Be5 Kg8 67. Ra2 Rf8 68. Ra6 h6 69. h4 h5 70. Ra1 Ng3 71. Bd6 0-1

[Event "London Classic op"]
[Site "London"]
[Date "2009.12.14"]
[Round "8"]
[White "Sara, Valerio"]
[Black "Hodgson, John H"]
[Result "0-1"]
[WhiteElo "2072"]
[BlackElo "2189"]
[PlyCount "80"]
[EventDate "2009.12.08"]
[EventType "swiss"]
[EventRounds "9"]
[EventCountry "ENG"]
[SourceTitle "CBM 133 Extra"]
[Source "ChessBase"]
[SourceDate "2010.01.05"]
[SourceVersion "1"]
[SourceVersionDate "2010.01.05"]
[SourceQuality "1"]

1. d4 Nf6 2. Nf3 g6 3. c4 Bg7 4. Nc3 d5 5. Qb3 dxc4 6. Qxc4 0-0 7. e4 Na6 8. Be2 c5 9. d5 e6 10. 0-0 exd5 11. exd5 Bf5 12. Be3 Qb6 13. Na4 Qb4 14. Rfd1 Qxc4 15. Bxc4 Bc2 16. Bxa6 bxa6 17. Nxc5 Bxd1 18. Rxd1 Rfd8 19. d6 Bf8 20. Nxa6 Rxd6 21. Rxd6 Bxd6 22. Kf1 Nd5 23. Bd2 Rc8 24. b4 Rc6 25. b5 Rc4 26. Ke2 Ra4 27. Kd3 Nc7 28. Nxc7 Bxc7 29. Kc3 Rxa2 30. Kb3 Ra1 31. Nd4 Bb6 32. Be3 Kf8 33. Kc4 Ke8 34. Kd5 Kd7 35. h4 h5 36. g3 Ra5 37. Kc4 Ra4+ 38. Kc3 Kd6 39. Nc6 Bxe3 40. fxe3 Kc5 0-1

[Event "London Classic op"]
[Site "London"]
[Date "2009.12.13"]
[Round "7"]
[White "Odeh, Kenneth"]
[Black "Sara, Valerio"]
[Result "0-1"]
[WhiteElo "2001"]
[BlackElo "2072"]
[PlyCount "102"]
[EventDate "2009.12.08"]
[EventType "swiss"]
[EventRounds "9"]
[EventCountry "ENG"]
[SourceTitle "CBM 133 Extra"]
[Source "ChessBase"]
[SourceDate "2010.01.05"]
[SourceVersion "1"]
[SourceVersionDate "2010.01.05"]
[SourceQuality "1"]

1. e4 c5 2. Nc3 Nc6 3. g3 g6 4. Bg2 Bg7 5. d3 d6 6. Nge2 e6 7. 0-0 Nge7 8. Be3 Nd4 9. Qd2 Rb8 10. Nc1 b5 11. Nd1 b4 12. Nb3 0-0 13. Nxd4 cxd4 14. Bh6 a5 15. Bxg7 Kxg7 16. f4 Bd7 17. g4 f5 18. g5 Qc7 19. c4 bxc3 20. bxc3 dxc3 21. Nxc3 Qb6+ 22. Kh1 Qb2 23. Rad1 Rfc8 24. Qxb2 Rxb2 25. Rb1 Rxb1 26. Nxb1 Rc2 27. exf5 Nxf5 28. Be4 Ne3 29. d4 Rxa2 30. Rc1 Rf2 31. Re1 Rf1+ 32. Rxf1 Nxf1 33. Kg2 Ne3+ 34. Kf3 Nf5 35. d5 exd5 36. Bxd5 Ne7 37. Ba2 Bc6+ 38. Ke3 Bd5 39. Bxd5 Nxd5+ 40. Ke4 Ne7 41. Nd2 a4 42. Kd4 Kf7 43. Ne4 Ke6 44. Nf6 Kf5 45. Nxh7 Kxf4 46. Kc4 d5+ 47. Kb4 d4 48. Kxa4 d3 49. Kb3 Ke3 50. Nf6 d2 51. Ng4+ Ke2 0-1

[Event "Palma de Mallorca op 4th"]
[Site "Palma de Mallorca"]
[Date "2009.11.24"]
[Round "5"]
[White "Abrines Sampol, Lorenzo"]
[Black "Sara, Valerio"]
[Result "0-1"]
[WhiteElo "1693"]
[BlackElo "2072"]
[PlyCount "68"]
[EventDate "2009.11.21"]
[EventType "swiss"]
[EventRounds "9"]
[EventCountry "ESP"]
[SourceTitle "EXT 2011"]
[Source "ChessBase"]
[SourceDate "2010.11.26"]
[SourceVersion "1"]
[SourceVersionDate "2010.11.26"]
[SourceQuality "1"]

1. e4 c5 2. Nf3 d6 3. d4 cxd4 4. Nxd4 Nf6 5. Nc3 a6 6. Be2 e5 7. Nb3 Be7 8. Be3 Be6 9. 0-0 0-0 10. f4 exf4 11. Bxf4 Nc6 12. Kh1 Rc8 13. Be3 Ne5 14. Nd2 Qc7 15. Qe1 b5 16. Qg3 b4 17. Na4 Qb7 18. Bd3 Nfd7 19. b3 Kh8 20. Bd4 Bf6 21. Nc4 Bxc4 22. bxc4 Nxc4 23. Bxf6 Nxf6 24. Bxc4 Rxc4 25. Qxd6 Rb8 26. Nc5 Qb6 27. Qxb6 Rxb6 28. Rad1 Rxc5 29. Rd8+ Ng8 30. Rxf7 Rf6 31. Rff8 Rxf8 32. Rxf8 Rxc2 33. Kg1 g6 34. e5 Kg7 0-1

[Event "Illes Medes op 2nd"]
[Site "L'Estartit"]
[Date "2007.12.28"]
[Round "1"]
[White "Cuadras Avellana, Jordi"]
[Black "Sara, Valerio"]
[Result "1-0"]
[WhiteElo "2332"]
[BlackElo "2023"]
[PlyCount "59"]
[EventDate "2007.12.28"]
[EventType "swiss"]
[EventRounds "9"]
[EventCountry "ESP"]
[SourceTitle "CBM 122 Extra"]
[Source "ChessBase"]
[SourceDate "2008.03.04"]
[SourceVersion "1"]
[SourceVersionDate "2008.03.04"]
[SourceQuality "1"]

1. e4 c5 2. Nf3 d6 3. d4 cxd4 4. Nxd4 Nf6 5. Nc3 a6 6. Be2 e5 7. Nb3 Be7 8. 0-0 0-0 9. Kh1 b5 10. a4 b4 11. Nd5 Nxe4 12. Bf3 f5 13. Bxe4 fxe4 14. Nxe7+ Qxe7 15. Qd5+ Qf7 16. Qxa8 Bb7 17. Qa7 e3 18. Qxe3 Qg6 19. Qg3 Qxc2 20. Bh6 Rf7 21. Rad1 d5 22. Na5 Ba8 23. Rc1 Qf5 24. Rfe1 Re7 25. Qg5 Qe6 26. Bxg7 Rxg7 27. Qd8+ Kf7 28. Rc7+ Kg6 29. Rxg7+ Kxg7 30. Qxb8 1-0